[Event "Lansing (MOR/5/25)"]
[Site "?"]
[Date "1996.??.??"]
[Round "?"]
[White "Holladay, Jason"]
[Black "Stockman, David"]
[Result "0-1"]
[WhiteElo "1605"]
[BlackElo "1605"]
[PlyCount "72"]
[EventDate "1996.??.??"]

{5/(25)} 1. e4 e6 2. d4 d5 3. exd5 exd5 4. Nf3 Nf6 5. Be3 Bd6 6. Be2 c6 7. O-O
Qc7 8. h3 Be6 9. Nc3 h6 10. Bd3 Nbd7 11. Ne2 O-O-O 12. Rc1 g5 13. Ng3 Bxg3 14.
fxg3 Qxg3 15. Bf2 Qd6 16. Re1 g4 17. hxg4 Nxg4 18. Ne5 Nxf2 19. Kxf2 Rdg8 20.
Be2 Nxe5 21. dxe5 Qxe5 22. Bf3 Qg3+ 23. Kf1 Rg5 24. Re3 Rhg8 25. Qd2 Qh2 26.
Ke2 Rxg2+ 27. Kd3 Rxd2+ 28. Kc3 d4+ 29. Kb4 Qd6+ 30. Ka5 Rg5+ 31. Ka4 dxe3 32.
b4 b5+ 33. Ka3 Qd3+ 34. Kb2 Qc4 35. Ra1 Rxc2+ 36. Kb1 Rc1+ 0-1

[Event "Howell (US Am N/2/50)"]
[Site "?"]
[Date "1996.??.??"]
[Round "?"]
[White "Holladay, Jason"]
[Black "Serwatowski, Felix"]
[Result "0-1"]
[WhiteElo "1605"]
[BlackElo "1605"]
[PlyCount "80"]
[EventDate "1996.??.??"]

{2/(50)} 1. e4 c5 2. Nf3 Nc6 3. Bc4 e6 4. c3 Nf6 5. e5 Nd5 6. d4 Be7 7. O-O O-O
8. Nbd2 Nb6 9. Bb3 d5 10. c4 cxd4 11. cxd5 Nxd5 12. Ne4 Nb6 13. a3 Rb8 14. Qd3
a6 15. Bc2 g6 16. Bh6 Re8 17. Nfg5 Nxe5 18. Qg3 f6 19. Nf3 Nxf3+ 20. Qxf3 Nd5
21. Bd3 e5 22. Qg3 Be6 23. h4 Bf8 24. Bxf8 Rxf8 25. Nc5 Bf7 26. h5 Qe8 27. Ne4
Rd8 28. Rac1 Kg7 29. Rfe1 Nf4 30. Rc7 Nxh5 31. Qh4 Qe6 32. g4 Nf4 33. Nxf6 Qxf6
34. g5 Qb6 35. Qh6+ Kg8 36. Re7 Nxd3 37. Re4 Nf4 38. R4xe5 d3 39. Re1 Qc6 40.
Rd1 Qg2# 0-1

[Event "Howell (US Am N/6/34)"]
[Site "?"]
[Date "1996.??.??"]
[Round "?"]
[White "Holladay, Jason"]
[Black "Nixon, Peter"]
[Result "1/2-1/2"]
[WhiteElo "1605"]
[BlackElo "1605"]
[PlyCount "58"]
[EventDate "1996.??.??"]

{6/(34)} 1. e4 c5 2. Nf3 Nc6 3. Bc4 e6 4. Nc3 d6 5. d3 Nf6 6. O-O a6 7. a4 Be7
8. Bb3 O-O 9. a5 Nxa5 10. d4 Nxb3 11. cxb3 cxd4 12. Nxd4 Qc7 13. Nf3 b6 14. Re1
Bb7 15. e5 Bxf3 16. Qxf3 dxe5 17. Ne4 Nxe4 18. Qxe4 Rfd8 19. Bd2 Rxd2 20. Qxa8+
Bf8 21. Rac1 Rc2 22. Ra1 a5 23. Kf1 Rxb2 24. Rac1 Rc2 25. Rb1 Qc5 26. Re2 Rc1+
27. Rxc1 Qxc1+ 28. Re1 Qc3 29. Qf3 Qxf3 1/2-1/2

[Event "Howell (US Am N/3/52)"]
[Site "?"]
[Date "1996.??.??"]
[Round "?"]
[White "Holladay, Jason"]
[Black "Juntunen, Michael"]
[Result "0-1"]
[WhiteElo "1605"]
[BlackElo "1605"]
[PlyCount "114"]
[EventDate "1996.??.??"]

{3/(52)} 1. e4 e5 2. Nf3 d5 3. d4 dxe4 4. Nxe5 f6 5. Nc4 Ne7 6. Ne3 Nf5 7. Bc4
Nc6 8. c3 a6 9. Nd2 Nxe3 10. fxe3 f5 11. O-O Bd6 12. h3 Qe7 13. Rf2 Bg3 14. Re2
Bd7 15. Nf1 Bh4 16. Bd2 O-O-O 17. Be1 Bf6 18. Bd5 Be8 19. c4 Bh5 20. Bxc6 Bxe2
21. Qxe2 bxc6 22. c5 Kb7 23. a4 Ra8 24. Bg3 h5 25. Be5 Bxe5 26. dxe5 Qxc5 27.
Nd2 Qxe5 28. Nc4 Qc5 29. g3 g6 30. Rc1 Qb4 31. Ne5 Qd6 32. Nxc6 Qxg3+ 33. Kf1
Qxh3+ 34. Ke1 Qh4+ 35. Kd2 Rad8+ 36. Nxd8+ Rxd8+ 37. Kc2 Rd3 38. Qg2 Qf6 39.
Kb1 Rxe3 40. Qc2 Qd6 41. Rd1 Rd3 42. Rg1 Rd2 43. Qb3+ Qb6 44. Rg3 Qxb3 45.
Rxb3+ Kc8 46. Kc1 Rg2 47. Rh3 f4 48. Rh4 Rg4 49. Rh2 f3 50. Kd1 Rg2 51. Rh4 e3
52. Rf4 Rg1+ 53. Kc2 f2 54. Rf8+ Kb7 55. Kd3 f1=Q+ 56. Rxf1 Rxf1 57. Kxe3 g5
0-1

[Event "Lansing (MOR/1a/10)"]
[Site "?"]
[Date "1996.??.??"]
[Round "?"]
[White "Holladay, Jason"]
[Black "Dunlap, Robert"]
[Result "0-1"]
[WhiteElo "1605"]
[BlackElo "1675"]
[PlyCount "90"]
[EventDate "1996.??.??"]

1. e4 c5 2. Nf3 d6 3. d4 cxd4 4. Nxd4 Nf6 5. Nc3 a6 6. Bd3 e5 7. Nf3 Be6 8. O-O
Be7 9. Ng5 O-O 10. b3 b5 11. Re1 Qc7 12. Nd5 Bxd5 13. exd5 h6 14. Nf3 Nxd5 15.
Bh7+ Kxh7 16. Qxd5 Nd7 17. c4 Nb6 18. Qd3+ f5 19. Nd2 bxc4 20. bxc4 Bg5 21. c5
dxc5 22. Nc4 Nxc4 23. Qxc4 e4 24. Ba3 Rf6 25. Qd5 Rc8 26. Red1 c4 27. Bd6 Qc6
28. Be7 Qxd5 29. Rxd5 Rf7 30. Rc5 Rxc5 31. Bxc5 Rc7 32. Bb4 c3 33. Ba3 c2 34.
Bc1 Rd7 35. Kf1 Rd1+ 36. Ke2 Rxc1 37. Rxc1 Bxc1 38. g3 Bg5 39. h4 c1=Q 40. hxg5
hxg5 41. a4 f4 42. gxf4 gxf4 43. f3 e3 44. a5 Qd2+ 45. Kf1 Qf2# 0-1

[Event "Lansing (MOR/3/23)"]
[Site "?"]
[Date "1996.??.??"]
[Round "?"]
[White "Holladay, Jason"]
[Black "Cooper, Willie"]
[Result "0-1"]
[WhiteElo "1605"]
[BlackElo "1605"]
[PlyCount "114"]
[EventDate "1996.??.??"]

{3/(23)} 1. e4 c5 2. Nf3 Nc6 3. Nc3 e6 4. Bc4 Nf6 5. e5 Ng4 6. d4 cxd4 7. Nxd4
Ngxe5 8. Bb3 a6 9. Be3 Be7 10. h3 b5 11. a3 Bb7 12. O-O O-O 13. Ne4 d5 14. Ng3
Bh4 15. c3 Nc4 16. Bxc4 bxc4 17. Nge2 Qf6 18. g3 Bg5 19. Bxg5 Qxg5 20. f4 Qh5
21. Kh2 e5 22. fxe5 Nxe5 23. Nf4 Qxd1 24. Raxd1 h6 25. Nf5 Rad8 26. Ne3 d4 27.
cxd4 Nf3+ 28. Rxf3 Bxf3 29. Rc1 Rxd4 30. Nxc4 Rc8 31. b3 Bd5 32. Nxd5 Rxd5 33.
Rc2 Rd3 34. Ne3 Rxc2+ 35. Nxc2 Rxb3 36. a4 Rb2 37. Kg2 Rxc2+ 38. Kf3 Rc4 39. g4
g5 40. a5 Kg7 41. Kg2 Rc3 42. Kh2 Kf6 43. Kg2 Rc2+ 44. Kg3 Ke5 45. h4 Rc3+ 46.
Kf2 Kf4 47. hxg5 hxg5 48. Kg2 Kxg4 49. Kf2 f5 50. Kg2 Rc2+ 51. Kf1 Kf3 52. Ke1
Ke3 53. Kf1 f4 54. Kg1 f3 55. Kh1 g4 56. Kg1 g3 57. Kh1 Rc1# 0-1

[Event "Ann Arbor (Mini-Swiss/1/12)"]
[Site "?"]
[Date "1996.??.??"]
[Round "?"]
[White "Hogue, B."]
[Black "King, Kenny"]
[Result "0-1"]
[WhiteElo "1605"]
[BlackElo "1605"]
[PlyCount "132"]
[EventDate "1996.??.??"]

{1/(12)} 1. d4 d5 2. Nf3 Nf6 3. Nbd2 e6 4. e3 Nbd7 5. c4 Be7 6. Bd3 O-O 7. O-O
c5 8. cxd5 Nxd5 9. dxc5 Nxc5 10. Bc2 Nb4 11. a3 Nbd3 12. b4 Bf6 13. Rb1 Nxc1
14. Qxc1 Nd7 15. Ne4 Ne5 16. Nxe5 Bxe5 17. f4 Bf6 18. Rf3 Bd7 19. Nxf6+ Qxf6
20. Be4 Rac8 21. Qe1 Bc6 22. Bxc6 Rxc6 23. e4 Qd4+ 24. Qe3 Rd8 25. Re1 Rc2 26.
Qxd4 Rxd4 27. f5 Rdd2 28. Rg3 exf5 29. exf5 f6 30. h3 Kf8 31. Ree3 Rf2 32. Ref3
Rxf3 33. Rxf3 Ke7 34. Kh2 Re2 35. Kg3 g6 36. fxg6 hxg6 37. Rc3 Kd6 38. Kf3 Re5
39. g4 f5 40. gxf5 Rxf5+ 41. Kg4 b6 42. a4 a5 43. bxa5 Rxa5 44. Rc4 Kd5 45. Rb4
Kc6 46. Rf4 Kd5 47. Rb4 Kc6 48. h4 Kc5 49. Rf4 Kd6 50. Rb4 Kc6 51. Re4 Kd6 52.
Rf4 Kc6 53. Rf6+ Kc5 54. Rxg6 Rxa4+ 55. Kg5 b5 56. h5 Ra1 57. h6 Rh1 58. Kf6 b4
59. Kg7 b3 60. h7 b2 61. Rh6 Rg1+ 62. Kf7 Rf1+ 63. Kg7 b1=Q 64. h8=Q Qb2+ 65.
Kg8 Rg1+ 66. Kh7 Qb7+ 0-1

[Event "Cadillac Open/2/18"]
[Site "?"]
[Date "1996.??.??"]
[Round "?"]
[White "Hogarth, Frank"]
[Black "Oosterbaan, N."]
[Result "0-1"]
[WhiteElo "1605"]
[BlackElo "1605"]
[PlyCount "64"]
[EventDate "1996.??.??"]

{2/18} 1. e4 e5 2. Nf3 Nc6 3. Bc4 Nf6 4. d3 d5 5. Bb5 Bd6 6. exd5 Nxd5 7. Bc4
Nf6 8. Ng5 O-O 9. O-O Na5 10. Nd2 c6 11. Ndf3 Qc7 12. Ne4 Nxe4 13. dxe4 Nxc4
14. Nh4 f5 15. Re1 fxe4 16. Rxe4 Nb6 17. Qd3 Be6 18. Qg3 Bf5 19. Nxf5 Rxf5 20.
Bh6 Raf8 21. Rg4 R8f7 22. Qb3 Kh8 23. Qe6 gxh6 24. Rf1 R5f6 25. Qb3 Nd5 26. Qg3
Rf8 27. h3 e4 28. Qb3 Bh2+ 29. Kh1 Rxf2 30. Rxf2 Rxf2 31. Qc4 Be5 32. Kg1 Qf7
0-1

[Event "Cadillac Open/5/19"]
[Site "?"]
[Date "1996.??.??"]
[Round "?"]
[White "Hogarth, Frank"]
[Black "Jacobs, Ron"]
[Result "0-1"]
[WhiteElo "1605"]
[BlackElo "1605"]
[PlyCount "58"]
[EventDate "1996.??.??"]

{5/19} 1. e4 c5 2. Bc4 e6 3. Nf3 Nc6 4. d3 d5 5. Bb5 Qa5+ 6. Nc3 d4 7. Bd2 dxc3
8. Bxc3 Qxb5 9. O-O f6 10. Re1 e5 11. Nh4 Be6 12. Qh5+ Bf7 13. Qf5 Nge7 14. Qf3
O-O-O 15. Qg4+ Kb8 16. a4 Qb6 17. Re3 Nd4 18. a5 Qc6 19. Qd1 Ng6 20. Nf3 c4 21.
Be1 Be7 22. c3 Nxf3+ 23. Rxf3 Rd7 24. Re3 Rhd8 25. Qh5 h6 26. Rg3 cxd3 27. Bd2
Bf8 28. Qf3 Ne7 29. Qe3 Nc8 0-1

[Event "Cadillac Open/4/23"]
[Site "?"]
[Date "1996.??.??"]
[Round "?"]
[White "Hogarth, Frank"]
[Black "Feguer, Dan"]
[Result "1-0"]
[WhiteElo "1605"]
[BlackElo "1605"]
[PlyCount "37"]
[EventDate "1996.??.??"]

{4/23} 1. e4 e5 2. Nf3 Nc6 3. Bc4 Nf6 4. d3 Bc5 5. Ng5 Ng4 6. Bxf7+ Kf8 7. Qf3
Qf6 8. Qxf6 gxf6 9. Bd5 Nxf2 10. O-O Nxe4+ 11. Kh1 Nxg5 12. Rxf6+ Ke7 13. Bxg5
h5 14. Nd2 d6 15. Raf1 Kd8 16. Rf7+ Ke8 17. Rf8+ Kd7 18. R1f7+ Ne7 19. Rxe7#
1-0

[Event "Lansing (MOR/4/51)"]
[Site "?"]
[Date "1996.??.??"]
[Round "?"]
[White "Hogan, J."]
[Black "Tobias, B."]
[Result "0-1"]
[WhiteElo "1605"]
[BlackElo "1605"]
[PlyCount "48"]
[EventDate "1996.??.??"]

{4/(51)} 1. d4 d5 2. c4 dxc4 3. Na3 Be6 4. e4 Nf6 5. Bxc4 Bxc4 6. Nxc4 Nxe4 7.
Nf3 e6 8. O-O g5 9. Bxg5 Nxg5 10. Nxg5 Qxg5 11. f4 Qd8 12. f5 exf5 13. Re1+ Be7
14. Ne3 Nc6 15. Nxf5 Rg8 16. Nxe7 Nxe7 17. Qe2 a5 18. Qf2 Ra6 19. Kh1 Re6 20.
Rf1 f5 21. Qh4 Nc6 22. d5 Qxh4 23. Rxf5 Qg4 24. Raf1 Qxg2# 0-1

[Event "Lansing (MOR/3/52)"]
[Site "?"]
[Date "1996.??.??"]
[Round "?"]
[White "Hogan, J."]
[Black "Burye, T."]
[Result "0-1"]
[WhiteElo "1605"]
[BlackElo "1605"]
[PlyCount "52"]
[EventDate "1996.??.??"]

{3/(52)} 1. d4 d5 2. c4 dxc4 3. b3 cxb3 4. axb3 Nc6 5. Nc3 Nxd4 6. e3 Nc6 7.
Bb5 a6 8. Bc4 b5 9. Bd5 Bb7 10. Ra2 b4 11. Rd2 bxc3 12. Rd3 Nb4 13. Rd4 Nxd5
14. Rxd5 Bxd5 15. Nf3 Be4 16. O-O c2 17. Qe1 Bd3 18. Ng5 Bxf1 19. Qxf1 Qd1 20.
Ba3 Rd8 21. Ne4 Nf6 22. Nc3 Qd2 23. Na2 Ne4 24. b4 Nc3 25. Qxa6 Nxa2 26. b5
c1=Q+ 0-1

[Event "Lansing (MOR/3/47)"]
[Site "?"]
[Date "1996.??.??"]
[Round "?"]
[White "Hill, M."]
[Black "Tobias, B."]
[Result "1-0"]
[WhiteElo "1605"]
[BlackElo "1605"]
[PlyCount "86"]
[EventDate "1996.??.??"]

{3/(47)} 1. c4 d5 2. cxd5 Qxd5 3. Nc3 Qd6 4. g3 Nf6 5. Bg2 Nc6 6. e4 e5 7. Nge2
g5 8. h3 g4 9. h4 Nd4 10. Nxd4 exd4 11. Ne2 d3 12. Nf4 a5 13. b3 Bg7 14. Bb2
Be6 15. Qb1 O-O 16. Qxd3 Qxd3 17. Nxd3 Rad8 18. Nf4 Bh6 19. Bxf6 Rd6 20. Bc3 c5
21. Nh5 Rfd8 22. Rd1 f5 23. Bxa5 Ra8 24. Bc7 Rd7 25. Nf6+ Kf8 26. Nxd7+ Bxd7
27. Bd6+ Kf7 28. exf5 Bxf5 29. b4 cxb4 30. Bxb4 Rxa2 31. Bd5+ Be6 32. Bxa2 Bxa2
33. O-O b5 34. Rfe1 Bf8 35. Bxf8 Kxf8 36. Re4 Bb3 37. Rb1 Ba4 38. Rxa4 bxa4 39.
Ra1 Ke7 40. Rxa4 Ke6 41. Kf1 Kd5 42. Ke2 Kc5 43. Kd3 Kb5 1-0

[Event "Detroit (Class DE/2/12)"]
[Site "?"]
[Date "1996.??.??"]
[Round "?"]
[White "Hill, M."]
[Black "Paul, Dennis"]
[Result "1-0"]
[WhiteElo "1605"]
[BlackElo "1605"]
[PlyCount "109"]
[EventDate "1996.??.??"]

{2/(12)} 1. c4 e5 2. g3 c6 3. Bg2 Nf6 4. Nc3 Bc5 5. e3 O-O 6. Nge2 d5 7. d4
exd4 8. exd4 Bb4 9. cxd5 Nxd5 10. O-O Nf6 11. h3 Bf5 12. Be3 Nbd7 13. Qb3 Qe7
14. Rad1 Nb6 15. d5 cxd5 16. Nxd5 Nbxd5 17. Bxd5 Nxd5 18. Rxd5 Be6 19. Nf4 Bxd5
20. Nxd5 Qe6 21. Nxb4 Qxb3 22. axb3 Rfd8 23. Ra1 a5 24. Nc2 b5 25. Nd4 b4 26.
Nc6 Rd7 27. Nxb4 Rb7 28. Nc6 Rxb3 29. Rxa5 Rxa5 30. Nxa5 Rxb2 31. Nc4 Rb4 32.
Nd2 f6 33. Kf1 Kf7 34. Nf3 g5 35. Nd4 h5 36. Nf5 h4 37. g4 Ke6 38. Kg2 Ke5 39.
Bc5 Rc4 40. Bd6+ Ke6 41. Ne3 Re4 42. Nf5 Ra4 43. Bc5 Rc4 44. Be3 Ke5 45. Kf3
Kd5 46. Bxg5 fxg5 47. Ne3+ Kd4 48. Nxc4 Kxc4 49. Ke4 Kc5 50. Ke5 Kc4 51. Kf5
Kd5 52. Kxg5 Ke6 53. f4 Kf7 54. Kxh4 Kg6 55. f5+ 1-0

[Event "Detroit (Class DE/4/4)"]
[Site "?"]
[Date "1996.??.??"]
[Round "?"]
[White "Hill, M."]
[Black "Jaskot, Allan"]
[Result "1-0"]
[WhiteElo "1605"]
[BlackElo "1605"]
[PlyCount "115"]
[EventDate "1996.??.??"]

{4/(4)} 1. c4 Nf6 2. g3 e5 3. Bg2 Bc5 4. Nc3 Ng4 5. e3 d6 6. Nge2 Qf6 7. O-O c6
8. h3 Nh6 9. Ne4 Qe6 10. Nxc5 dxc5 11. b3 O-O 12. Bb2 Nd7 13. d4 cxd4 14. exd4
e4 15. Nf4 Qf5 16. d5 Re8 17. Nh5 e3 18. fxe3 Qg5 19. e4 g6 20. Bc1 Qxh5 21.
Qxh5 gxh5 22. Bxh6 Nc5 23. Rae1 cxd5 24. exd5 Bd7 25. Re3 Rxe3 26. Bxe3 b6 27.
Kh2 Re8 28. Bxc5 bxc5 29. Kg1 Re3 30. Kf2 Rc3 31. Re1 Rc2+ 32. Re2 Bf5 33. d6
Rxe2+ 34. Kxe2 Kf8 35. h4 Ke8 36. Bc6+ Kd8 37. Kf3 Bb1 38. a3 Ba2 39. Ba4 Bb1
40. Kf4 f6 41. g4 hxg4 42. Kxg4 f5+ 43. Kf4 Bc2 44. Ke5 a5 45. Kf4 Kc8 46. Ke5
Kd8 47. Kf4 Kc8 48. Bb5 Kd8 49. Ke5 Kc8 50. Kd5 f4 51. Kxc5 f3 52. Kd4 a4 53.
b4 f2 54. c5 Bf5 55. Ke3 Bd7 56. Bxd7+ Kxd7 57. Kxf2 Ke6 58. Kg3 1-0

[Event "Lansing (MOR/6/39)"]
[Site "?"]
[Date "1996.??.??"]
[Round "?"]
[White "Hill, M."]
[Black "Goerke, Daniel"]
[Result "1-0"]
[WhiteElo "1605"]
[BlackElo "1605"]
[PlyCount "185"]
[EventDate "1996.??.??"]

{6/(39)} 1. c4 e5 2. g3 Nf6 3. Bg2 d5 4. cxd5 Nxd5 5. Nc3 Nxc3 6. bxc3 Bc5 7.
e4 Qf6 8. Nf3 Bg4 9. O-O Bxf3 10. Bxf3 O-O 11. Bg2 Nc6 12. Qe2 Na5 13. d3 Rad8
14. Be3 Bxe3 15. Qxe3 b6 16. Rad1 Qc6 17. Qc1 Nb7 18. Qb2 Nd6 19. Rc1 Nb5 20.
d4 Nd6 21. Qe2 Nb5 22. d5 Qc5 23. Rfe1 Nxc3 24. Qc2 Nb5 25. Qxc5 bxc5 26. Rxc5
a6 27. Bf1 Nd6 28. f3 f5 29. Bxa6 fxe4 30. fxe4 Ra8 31. Rc6 Rfd8 32. Kf2 Ra7
33. Bc4 Nxc4 34. Rxc4 Rxa2+ 35. Re2 Rxe2+ 36. Kxe2 Rd7 37. Rc6 Kf7 38. Kd3 g6
39. Kc4 Ke7 40. Re6+ Kf7 41. Rxe5 Rd6 42. Kd4 Ra6 43. Ke3 Ra3+ 44. Kf4 Ra2 45.
h4 Rf2+ 46. Ke3 Rb2 47. Kf3 Rb3+ 48. Kf2 Rb2+ 49. Kf3 Rb3+ 50. Kf4 h6 51. Re6
Rb7 52. g4 Kg7 53. Ke5 h5 54. g5 Kf7 55. Rf6+ Kg7 56. Re6 Kf7 57. d6 cxd6+ 58.
Kxd6 Kg7 59. Kd5 Kf7 60. Rd6 Ra7 61. Rf6+ Kg7 62. Rf4 Rd7+ 63. Ke6 Rd2 64. e5
Re2 65. Kd6 Ra2 66. e6 Ra6+ 67. Kd7 Ra7+ 68. Kd8 Ra6 69. e7 Ra8+ 70. Kd7 Ra7+
71. Kd6 Ra6+ 72. Kd7 Ra7+ 73. Kd6 Ra6+ 74. Kd5 Ra8 75. Rf6 Re8 76. Kd6 Rc8 77.
Kd7 Ra8 78. e8=Q Ra7+ 79. Kc6 Ra6+ 80. Kb5 Rxf6 81. gxf6+ Kxf6 82. Kc5 g5 83.
Qd8+ Ke5 84. Qxg5+ Ke4 85. Kd6 Kd4 86. Qxh5 Kc4 87. Qg4+ Kc3 88. Kc5 Kc2 89.
Kc4 Kc1 90. Qg2 Kb1 91. Kd3 Kc1 92. Kc3 Kb1 93. Qb2# 1-0

[Event "Lansing (MOR/2/40)"]
[Site "?"]
[Date "1996.??.??"]
[Round "?"]
[White "Hill, M."]
[Black "Garfield-Turner, A."]
[Result "0-1"]
[WhiteElo "1605"]
[BlackElo "1605"]
[PlyCount "32"]
[EventDate "1996.??.??"]

{2/(40)} 1. c4 Nf6 2. g3 e6 3. Bg2 d5 4. cxd5 exd5 5. d4 Be7 6. e3 O-O 7. Ne2
c5 8. dxc5 Bxc5 9. O-O Nc6 10. Nbc3 Be6 11. Nf4 d4 12. exd4 Bxd4 13. Nxe6 fxe6
14. Ne2 Bb6 15. b3 Rc8 16. Bb2 Qxd1 {[Remainder illegible; 0-1, 37?]} 0-1

[Event "Ann Arbor (Mini-Swiss/2/3)"]
[Site "?"]
[Date "1996.??.??"]
[Round "?"]
[White "Hill, Brad"]
[Black "Santiago, Reynaldo"]
[Result "0-1"]
[WhiteElo "1630"]
[BlackElo "1945"]
[PlyCount "116"]
[EventDate "1996.??.??"]

{2/(3)} 1. e4 c6 2. d3 d5 3. Nd2 e5 4. Ngf3 Bd6 5. g3 Nf6 6. Bg2 O-O 7. O-O Re8
8. Re1 Nbd7 9. Ng5 h6 10. Nh3 Nf8 11. Nf1 Be6 12. f3 Qd7 13. Nf2 Ng6 14. c3 a5
15. d4 dxe4 16. Nxe4 Nxe4 17. fxe4 Bc7 18. d5 Bg4 19. Bf3 Bxf3 20. Qxf3 cxd5
21. exd5 f5 22. c4 e4 23. Qb3 Ne5 24. Re2 a4 25. Qd1 Nxc4 26. Rc2 b5 27. Bf4
Bxf4 28. gxf4 Red8 29. b3 Qa7+ 30. Kg2 axb3 31. axb3 Qxa1 32. Qxa1 Rxa1 33.
bxc4 bxc4 34. Ne3 Ra4 35. Nxf5 Kf7 36. Ne3 Rc8 37. Nd1 c3 38. Rxc3 Rxc3 39.
Nxc3 Rc4 40. Nb5 Rc2+ 41. Kg3 Ke7 42. f5 e3 43. d6+ Kd7 44. Na3 Rc3 45. Nb5 Rb3
46. Nd4 Rd3 47. Ne6 Kxd6 48. Nxg7 Ke5 49. Kf3 Kf6 50. Nh5+ Kxf5 51. Nf4 Ra3 52.
Ne2 Ke5 53. h3 Rb3 54. h4 Ra3 55. Ng1 Kd4 56. Ne2+ Kd3 57. Ng3 Kd2 58. Nf1+ Ke1
0-1

[Event "Howell (US Am N/3/16)"]
[Site "?"]
[Date "1996.??.??"]
[Round "?"]
[White "Hill, Brad"]
[Black "Roberts, Kenneth"]
[Result "1-0"]
[WhiteElo "1605"]
[BlackElo "1830"]
[PlyCount "55"]
[EventDate "1996.??.??"]

{3/(16)} 1. e4 e6 2. d4 d5 3. exd5 exd5 4. Bd3 Bd6 5. Nc3 c6 6. Nf3 Nf6 7. O-O
O-O 8. Bg5 Bg4 9. h3 Bh5 10. Re1 Nbd7 11. Re3 Qc7 12. Qd2 h6 13. Bxf6 Nxf6 14.
Ne5 Nd7 15. Nxd7 Qxd7 16. Ne2 Rae8 17. Re1 Rxe3 18. Qxe3 Re8 19. Qd2 Qe6 20.
Kf1 Bg6 21. b3 Kf8 22. Rc1 Bf5 23. Bxf5 Qxf5 24. c4 Ba3 25. Rc2 Bb4 26. Qxb4+
Kg8 27. Qd2 dxc4 28. bxc4 1-0

[Event "Detroit (MI Action/2/5)"]
[Site "?"]
[Date "1996.??.??"]
[Round "?"]
[White "Hill, Brad"]
[Black "Raupp, Kenneth A"]
[Result "1/2-1/2"]
[WhiteElo "1745"]
[BlackElo "1605"]
[PlyCount "60"]
[EventDate "1996.??.??"]

{2/(5)} 1. d4 e6 2. c4 f5 3. Nc3 Nf6 4. Bg5 h6 5. Bxf6 Qxf6 6. e4 fxe4 7. Nxe4
Bb4+ 8. Nc3 O-O 9. Nf3 Nc6 10. Be2 b6 11. O-O Bb7 12. a3 Bxc3 13. bxc3 Qg6 14.
Bd3 Qg4 15. h3 Qf4 16. Qd2 Qxd2 17. Nxd2 Rf7 18. Be4 Na5 19. d5 Rf4 20. g3 Rf6
21. Bg2 Re8 22. Rfe1 Ba6 23. dxe6 Rfxe6 24. Bd5 Kh8 25. Rxe6 dxe6 26. Re1 Rd8
27. Rxe6 c6 28. Be4 Bxc4 29. Nxc4 Nxc4 30. Rxc6 Nxa3 1/2-1/2

[Event "Detroit (Class DE/2/1)"]
[Site "?"]
[Date "1996.??.??"]
[Round "?"]
[White "Hill, Brad"]
[Black "Poniatowski, Don"]
[Result "1-0"]
[WhiteElo "1605"]
[BlackElo "1605"]
[PlyCount "41"]
[EventDate "1996.??.??"]

{2/(1)} 1. d4 Nf6 2. Bg5 e6 3. e4 h6 4. Bxf6 Qxf6 5. Nf3 Bb4+ 6. c3 Ba5 7. Bd3
d6 8. Qa4+ Nc6 9. d5 exd5 10. exd5 Qe7+ 11. Be2 Bb6 12. dxc6 O-O 13. c4 Re8 14.
Nc3 Rb8 15. O-O bxc6 16. Bd3 Bg4 17. Rae1 Qf6 18. Ne4 Qg6 19. Qxc6 Bxf3 20.
Nf6+ Qxf6 21. Rxe8+ 1-0

[Event "Howell (US Am N/5/18)"]
[Site "?"]
[Date "1996.??.??"]
[Round "?"]
[White "Hill, Brad"]
[Black "McCarter, Robert"]
[Result "1-0"]
[WhiteElo "1605"]
[BlackElo "1815"]
[PlyCount "147"]
[EventDate "1996.??.??"]

{5/(18)} 1. e4 c5 2. f4 Nc6 3. Nf3 d6 4. c3 Nf6 5. d3 e6 6. Be2 g6 7. h3 Nh5 8.
O-O Ng3 9. Rf2 Nxe2+ 10. Qxe2 Bg7 11. Nbd2 Bd7 12. Nf1 b5 13. Be3 Ne7 14. Ng3
Qc7 15. Rff1 O-O 16. h4 d5 17. e5 Nf5 18. Nxf5 exf5 19. Qf2 Rfc8 20. h5 Bf8 21.
hxg6 fxg6 22. Qh4 Qd8 23. Qh3 Bc6 24. d4 c4 25. Kf2 Qe7 26. Rh1 Rc7 27. Nh4 Qg7
28. g4 fxg4 29. Qxg4 Be7 30. Nf3 Rf8 31. Rag1 Qf7 32. Rh6 Qf5 33. Qxf5 Rxf5 34.
Nh4 Bxh4+ 35. Rxh4 Bd7 36. Kf3 Be6 37. Rh2 Rcf7 38. Rhg2 Rf8 39. Rg5 Kg7 40.
Rxf5 Bxf5 41. Ra1 Rb8 42. a3 h5 43. Bf2 Kf7 44. Bh4 Ke6 45. Bg5 a5 46. Bh4 Be4+
47. Kg3 b4 48. axb4 axb4 49. Ra6+ Kf7 50. Ra7+ Ke8 51. e6 bxc3 52. bxc3 Bf5 53.
Rh7 g5 54. Rh8+ Ke7 55. Bxg5+ Kxe6 56. Rxb8 Bg4 57. Rf8 Kd6 58. Rf6+ Kc7 59.
Rh6 Be2 60. f5 Kd7 61. Rh7+ Kc6 62. f6 Bd3 63. Rg7 h4+ 64. Kh2 Kb5 65. f7 Ka4
66. f8=Q Kb3 67. Qb4+ Kc2 68. Be3 Be4 69. Rf7 Kd3 70. Qb2 Kxe3 71. Qc1+ Kd3 72.
Rf2 Bf3 73. Rxf3+ Ke4 74. Qf4# 1-0

[Event "Ann Arbor (Mini-Swiss/1/6)"]
[Site "?"]
[Date "1996.??.??"]
[Round "?"]
[White "Hill, Brad"]
[Black "Mason, D."]
[Result "1-0"]
[WhiteElo "1630"]
[BlackElo "1900"]
[PlyCount "51"]
[EventDate "1996.??.??"]

{1/(6)} 1. e4 c6 2. d4 d5 3. exd5 cxd5 4. c4 Nf6 5. Nc3 e6 6. Bg5 Bb4 7. cxd5
exd5 8. Nf3 O-O 9. Be2 Nbd7 10. O-O Bxc3 11. bxc3 Nb6 12. Ne5 Be6 13. Bd3 Rc8
14. Rc1 h6 15. Bh4 g5 16. Bg3 Ne4 17. Qh5 Qf6 18. Bxe4 dxe4 19. Rc2 Qg7 20. f4
f6 21. fxg5 fxe5 22. Rxf8+ Rxf8 23. gxh6 Qf7 24. Qg5+ Kh7 25. Rf2 Bf5 26. Rxf5
1-0

[Event "Lansing (MOR/7/1)"]
[Site "?"]
[Date "1996.??.??"]
[Round "?"]
[White "Hill, Brad"]
[Black "Martell, Raul"]
[Result "1-0"]
[WhiteElo "1640"]
[BlackElo "1605"]
[PlyCount "81"]
[EventDate "1996.??.??"]

{7/(1)} 1. d4 d5 2. c4 e6 3. Nc3 Nf6 4. cxd5 Nxd5 5. e4 Nf6 6. Bg5 Be7 7. Nf3
a6 8. Bd3 Nc6 9. Bc2 O-O 10. O-O h6 11. Bxf6 Bxf6 12. e5 Be7 13. Qd3 g6 14. a3
b5 15. Qe3 Kg7 16. Be4 Bb7 17. Rac1 Na5 18. Bxb7 Nxb7 19. b4 c6 20. Ne4 Rc8 21.
Nc5 Nxc5 22. dxc5 Qc7 23. Nd2 Rcd8 24. f4 f6 25. exf6+ Bxf6 26. Nf3 Rfe8 27.
Rcd1 Re7 28. Ne5 Rd5 29. Ng4 Rf5 30. Rd6 Rd5 31. Nxf6 Kxf6 32. f5 Rxd6 33.
fxg6+ Kxg6 34. Qg3+ Kh7 35. cxd6 Qa7+ 36. Kh1 Rg7 37. Qd3+ Kh8 38. Rf8+ Rg8 39.
Rxg8+ Kxg8 40. d7 Qf2 41. Qg6+ 1-0

[Event "Ann Arbor (Mini-Swiss/1/6)"]
[Site "?"]
[Date "1996.??.??"]
[Round "?"]
[White "Hill, Brad"]
[Black "Kane, Paul"]
[Result "1-0"]
[WhiteElo "1605"]
[BlackElo "1610"]
[PlyCount "121"]
[EventDate "1996.??.??"]

{1/(6)} 1. d4 d5 2. Bg5 g6 3. e3 Bg7 4. c4 c6 5. Nc3 Nf6 6. cxd5 cxd5 7. Bd3
O-O 8. Nge2 Nc6 9. Qb3 e6 10. O-O Qb6 11. Qxb6 axb6 12. a3 Bd7 13. b4 Rfc8 14.
Bf4 Nh5 15. Bd6 Nf6 16. Rfc1 Ne8 17. Bf4 Ne7 18. Nb5 Bc6 19. Rc3 f6 20. Nd6
Nxd6 21. Bxd6 Kf7 22. Rac1 Nf5 23. Bxf5 gxf5 24. b5 Bd7 25. Rxc8 Rxc8 26. Rxc8
Bxc8 27. Kf1 e5 28. Ke1 f4 29. exf4 e4 30. Kd2 Bf8 31. Bxf8 Kxf8 32. Nc3 Be6
33. Ke3 Ke7 34. Na4 f5 35. Nxb6 Kd6 36. Na4 Bd7 37. Nc3 Be6 38. a4 Kc7 39. f3
Kb6 40. fxe4 dxe4 41. g4 Ka5 42. gxf5 Bxf5 43. Nxe4 Kxa4 44. Nd6 Bd7 45. f5
Bxf5 46. Nxf5 Kxb5 47. Ke4 Kc6 48. d5+ Kd7 49. Ke5 b5 50. Nd4 b4 51. d6 h6 52.
h3 h5 53. h4 Ke8 54. Ke6 Kd8 55. d7 Kc7 56. Ke7 Kb7 57. d8=Q b3 58. Qd6 b2 59.
Qc6+ Ka7 60. Nb5+ Kb8 61. Qb6+ 1-0

[Event "Lansing (MOR/6/2)"]
[Site "?"]
[Date "1996.??.??"]
[Round "?"]
[White "Hill, Brad"]
[Black "James, Larry"]
[Result "1-0"]
[WhiteElo "1640"]
[BlackElo "1605"]
[PlyCount "75"]
[EventDate "1996.??.??"]

{6/(2)} 1. d4 Nf6 2. Bg5 g6 3. Bxf6 exf6 4. e3 Bg7 5. g3 O-O 6. Ne2 c6 7. Bg2
d5 8. O-O Bf5 9. Nd2 Re8 10. c4 dxc4 11. Nxc4 Be4 12. Bxe4 Rxe4 13. Qb3 Qc7 14.
Rac1 Qe7 15. Na5 b6 16. Nxc6 Nxc6 17. Rxc6 Bh6 18. Nc3 Qd7 19. Qd5 Qxd5 20.
Nxd5 Bg7 21. Rfc1 Re6 22. Rc8+ Rxc8 23. Rxc8+ Bf8 24. Ra8 Rd6 25. Nc3 a5 26.
Rb8 Kg7 27. Na4 Rc6 28. Rxb6 Rc1+ 29. Kg2 Bb4 30. a3 Be1 31. Nc5 Rc2 32. Nd3
Bd2 33. Kf3 g5 34. Rb5 Bc1 35. Rc5 g4+ 36. Kxg4 Rxc5 37. dxc5 Bd2 38. c6 1-0